000 02315ncm0a2200421 4500
001 RU\NLR\ONIZ\227163
005 20250623213802.0
035 _a(NLR Aleph) 012144412
071 2 0 _a334
090 _a12114276
_c12114276
100 _a20191121d1841 |||y0rusy50 ca
101 0 _afre
102 _aRU
125 _axx
128 _awz
145 0 _ab
200 1 _aSouvenir de Ratisbonne
_bНоты
_egrande valse brillante
_fF. Burgmüller
210 _aSt. Pétersbourg
_cchez Frédéric Lee
_d[1841]
215 _a8 с.
_d30 см
225 1 _aLes charmes de St. Petersbourg
_ecollection de danses favorites de St. Petersbourg
_epour le piano-forte
_fpar différents compositeurs
_v№ 22
313 _aСистематизация документа проведена по изданию - Методика классифицирования музыкальных произведений (нотных изданий) по таблицам Библиотечно-библиографических классификаций : метод. рекомендации / Гос. б-ка СССР им. В.И. Ленина.- М., 1977. Индексу ББК методических рекомендаций присваивается код ББК для научных библиотек - LBC/SL
317 _6b04899
_6z05703
_aНа тит. л. рукоп.: Воспитанник И. I. П. Бородоевск[ий].
_5NLR
606 1 _aФортепианная музыка немецкая
_z19 в.
_jНоты
_2nlr_sh
607 _aРегенсбург
_xМузыкальные интерпретации
_jНоты
_2nlr_sh
608 _aВальс (фортепиано)
_xНоты
_2nlr_sh
686 _aЩ954.2-058.55(4Н)
_vLBC/SL
_2rubbk
700 1 _9z02790
_aБургмюллер
_bИ. Ф. Ф.
_f1806-1874
_gИоганн Фридрих Франц
_4230
703 1 _6z05317
_9z03790
_aБородоевский
_bИ. И. П
_4390
790 1 _9z02700
_aBurgmüller
_bJ. F. F.
_f1806-1874
_gJohann Friedrich Franz
_4230
_7ba
790 1 _9z03703
_aBorodoevskij
_bI. I. P.
_4390
_7ba
801 0 _aRU
_bNLR
_c20191121
_gPSBO
801 1 _aRU
_bNLR
_c20191121
_2rusmarc
801 2 _aRU
_bNLR
_c20200121
852 _6b04317
_aNLR
_bМ
_jC-4/7
_p263297
_t1
942 _cSCORE
980 _aNB
980 _aONIZ